[Event "4NCL Division 4 South"]
[Site "Reading, ENG"]
[Date "2017.03.18"]
[Round "7.86"]
[White "Woodcock, Keith D"]
[Black "Jaufarally, Mohammud"]
[Result "0-1"]
[WhiteElo "1690"]
[BlackElo "1532"]
[PlyCount "62"]
[EventDate "2017.03.18"]
[WhiteTeam "Anglian Avengers 3"]
[BlackTeam "D&D Utd"]

1. d4 Nf6 2. Nc3 g6 3. e4 d6 4. f4 Bg7 5. Bc4 Bg4 6. Nf3 c6 7. e5 dxe5 8. fxe5
Nd5 9. Ne4 Nd7 10. O-O O-O 11. Qe1 N7b6 12. Bb3 a5 13. a4 Nc7 14. c3 Be6 15.
Bc2 Bc4 16. Rf2 Ne6 17. b3 Ba6 18. Nfg5 Nxg5 19. Nxg5 h6 20. Ne4 Nd5 21. Rf3 b6
22. Qh4 h5 23. g4 Be2 24. gxh5 Bxf3 25. hxg6 fxg6 26. Ng5 Bh5 27. Bd2 Qe8 28.
Re1 e6 29. Re2 Ne7 30. Nxe6 Bxe2 31. Nxg7 Qf7 0-1

[Event "4NCL Division 4 South"]
[Site "Reading, ENG"]
[Date "2017.03.18"]
[Round "7.91"]
[White "Stoyanov, Viktor"]
[Black "Ivanov, Elizabeth"]
[Result "1-0"]
[WhiteElo "1930"]
[BlackElo "1772"]
[PlyCount "75"]
[EventDate "2017.03.18"]
[WhiteTeam "Sandhurst Cadets"]
[BlackTeam "Wood Green MM 3"]

1. d4 d5 2. Bf4 Nf6 3. e3 c6 4. c3 Bf5 5. Bd3 Bxd3 6. Qxd3 e6 7. Nf3 Qb6 8. Qc2
Nbd7 9. O-O h6 10. h3 g5 11. Be5 Nxe5 12. Nxe5 h5 13. c4 Qc7 14. cxd5 Nxd5 15.
Nc3 Nf6 16. Ne4 Nxe4 17. Qxe4 f5 18. Qd3 g4 19. h4 Bd6 20. Qb3 Rh6 21. g3 O-O-O
{(=)} 22. Qc3 Bxe5 23. dxe5 Rd5 24. Qa3 Rh8 25. Qxa7 Qxe5 26. b4 Rhd8 27. a4
Rd3 28. b5 c5 29. Rac1 R8d5 30. Rfe1 Qc7 31. a5 Ra3 32. Ra1 Rxa1 33. Rxa1 Rd3
34. a6 bxa6 35. Qxa6+ Kd7 36. b6 Qd6 37. Qb7+ Kd8 38. Ra8+ 1-0

[Event "4NCL Division 4 South"]
[Site "Reading, ENG"]
[Date "2017.03.18"]
[Round "7.92"]
[White "Davidson, Laura"]
[Black "Vallis, Luke"]
[Result "0-1"]
[WhiteElo "1554"]
[BlackElo "1960"]
[PlyCount "98"]
[EventDate "2017.03.18"]
[WhiteTeam "Wood Green MM 3"]
[BlackTeam "Sandhurst Cadets"]

1. d4 Nf6 2. Nf3 g6 3. Bg5 Bg7 4. e3 d6 5. Bd3 O-O 6. O-O Nc6 7. c3 e5 8. Nbd2
Qe8 9. e4 exd4 10. cxd4 Bg4 11. Qb3 Rb8 12. h3 Bxf3 13. Nxf3 Nd7 14. Be3 Nb6
15. Rfe1 Qd7 16. Rad1 d5 17. e5 Ne7 18. Qc2 c6 19. Qc1 Na8 20. Bh6 Nc7 21. Bxg7
Kxg7 22. Qg5 Ng8 23. Bc2 Ne6 24. Qg4 Ne7 25. Nh4 h5 26. Qg3 Kh7 27. f4 Ng7 28.
Qf3 Nef5 29. Nxf5 Nxf5 30. g4 hxg4 31. hxg4 Ng7 32. Qh3+ Kg8 33. Re2 f5 34. Rh2
Kf7 35. gxf5 gxf5 36. Rg2 Rh8 37. Qg3 Rbg8 38. Qg6+ Kf8 39. Qf6+ Qf7 40. Qd6+
Qe7 41. Qxe7+ {(=)} Kxe7 42. Kf2 Ne6 43. Bxf5 Rxg2+ 44. Kxg2 Nxf4+ 45. Kf3 Ne6
46. Bxe6 Kxe6 47. Rd2 Rh4 48. Ke3 c5 49. Rd3 Re4+ 0-1

[Event "4NCL Division 4 South"]
[Site "Reading, ENG"]
[Date "2017.03.18"]
[Round "7.93"]
[White "Isaksen, Peter A"]
[Black "Hafstad, Leif"]
[Result "0-1"]
[WhiteElo "1877"]
[BlackElo "1614"]
[PlyCount "104"]
[EventDate "2017.03.18"]
[WhiteTeam "Sandhurst Cadets"]
[BlackTeam "Wood Green MM 3"]

1. e4 e6 2. d4 d5 3. exd5 exd5 4. Nf3 Bd6 5. c4 dxc4 6. Bxc4 Nf6 7. O-O O-O 8.
Re1 Bg4 9. Qb3 Nc6 10. Bxf7+ Rxf7 11. Ng5 Qd7 12. Nxf7 Qxf7 13. Qxb7 Re8 14.
Be3 Nxd4 15. Na3 c5 16. Qa6 Re6 17. Qc4 Qh5 18. h3 Be2 19. Qc1 Qe5 20. f4 Qxe3+
21. Qxe3 Rxe3 22. Nc4 Bxc4 23. Rxe3 Bxf4 24. Re7 a6 25. Kf2 Kf8 26. Rb7 Ne4+
27. Kg1 Ne2+ 28. Kf1 Bg3 29. Rd1 N2c3+ 30. Kg1 Nxd1 31. b3 Bf2+ 32. Kh2 Ne3 33.
g4 Bg3+ 34. Kg1 Bd5 35. Rd7 Ng5 36. Rxd5 Nxd5 37. Kg2 Be5 38. h4 Ne4 39. a4 Nd2
40. a5 Nxb3 41. g5 c4 42. h5 c3 43. g6 hxg6 44. h6 gxh6 45. Kf3 c2 46. Ke4 c1=Q
47. Kxd5 h5 48. Ke4 h4 49. Kf3 h3 50. Kg4 h2 51. Kf3 h1=Q+ 52. Kg4 Qf4# 0-1

[Event "4NCL Division 4 South"]
[Site "Reading, ENG"]
[Date "2017.03.18"]
[Round "7.94"]
[White "Johnson, Elizabeth"]
[Black "Kadambadi, Nikhil"]
[Result "0-1"]
[WhiteElo "1416"]
[BlackElo "1862"]
[PlyCount "132"]
[EventDate "2017.03.18"]
[WhiteTeam "Wood Green MM 3"]
[BlackTeam "Sandhurst Cadets"]

1. e4 c6 2. d4 d5 3. Nc3 dxe4 4. Nxe4 Bf5 5. Ng3 Bg6 6. Nh3 h6 7. Nf4 Bh7 8.
Bc4 Nf6 9. c3 e6 10. O-O Bd6 11. Re1 O-O 12. a4 Qc7 13. Nfe2 Nbd7 14. Bd3 Bxd3
15. Qxd3 c5 16. Be3 Nd5 17. dxc5 Nxc5 18. Bxc5 Bxc5 19. Ne4 Be7 20. Qg3 Qb6 21.
b4 f5 22. Nd2 Bd6 23. Nc4 Bxg3 24. Nxb6 Bxh2+ 25. Kxh2 axb6 26. Ra3 e5 27. Ng3
e4 28. b5 Rac8 29. Rc1 Rc4 30. Ne2 Ra8 31. Rca1 Rac8 32. Rc1 Kf7 33. Kg3 g5 34.
Rd1 R8c5 35. Rc1 f4+ 36. Kg4 Kg6 37. Rc2 h5+ 38. Kh3 f3 39. Ng3 h4 40. Nf1 fxg2
41. Kxg2 Rxc3 42. Rcxc3 Rxc3 43. Rxc3 Nxc3 44. Kh3 Kf5 45. Ne3+ Kf4 46. Nc4
Nxa4 47. Nd6 Nc3 48. Kh2 g4 49. Nc4 Nxb5 50. Nxb6 Kf3 51. Kg1 Nc3 52. Nc4 Ne2+
53. Kf1 Nd4 54. Nd2+ Kf4 55. Kg2 h3+ 56. Kh2 Nf3+ 57. Nxf3 Kxf3 58. Kh1 b5 59.
Kh2 b4 60. Kh1 b3 61. Kh2 b2 62. Kg1 b1=Q+ 63. Kh2 Qb2 64. Kh1 Kxf2 65. Kh2
Kf3+ 66. Kh1 Qg2# 0-1

[Event "4NCL Division 4 South"]
[Site "Reading, ENG"]
[Date "2017.03.18"]
[Round "7.95"]
[White "Vallis, Nicholas J"]
[Black "Thatte, Nandinee"]
[Result "1-0"]
[WhiteElo "1622"]
[BlackElo "1427"]
[PlyCount "145"]
[EventDate "2017.03.18"]
[WhiteTeam "Sandhurst Cadets"]
[BlackTeam "Wood Green MM 3"]

1. c4 Nf6 2. Nc3 e5 3. g3 c6 4. Bg2 g6 5. d3 Bg7 6. Bg5 O-O 7. Ne4 d6 8. Qb3
Qe7 9. Nf3 Nbd7 10. O-O h6 11. Nxf6+ Nxf6 12. Bd2 Be6 13. Bb4 c5 14. Bc3 Rab8
15. a3 Qd7 16. Qc2 Bh3 17. b4 b6 18. b5 Bxg2 19. Kxg2 Rfe8 20. Ra2 Qb7 21. e4
a6 22. Rb2 axb5 23. Rxb5 Ra8 24. a4 Qc6 25. Rfb1 Reb8 26. a5 Ra6 27. R1b3 Kh7
28. Qb2 Nd7 29. Nd2 Qc7 30. Nb1 Bf6 31. axb6 Raxb6 32. Rxb6 Rxb6 33. Rb5 Rxb5
34. cxb5 Qb7 35. Ba5 Qa8 36. Bc7 Bd8 37. Bxd6 Bf6 38. Nc3 Nb6 39. Bxc5 Nd7 40.
Be3 Bd8 41. Nd5 f5 42. f3 Qb7 43. Qb3 Nb6 44. Nxb6 Bxb6 45. Bxb6 Qxb6 46. Qf7+
Kh8 47. Qe8+ Kh7 48. Qc6 Qa5 49. Qd7+ Kg8 50. Qe6+ Kh7 51. Qf7+ Kh8 52. Qxg6
Qxb5 53. Qxh6+ Kg8 54. Qg6+ Kf8 55. Qxf5+ Ke7 56. h4 Qxd3 57. Qxe5+ Kf7 58.
Qd5+ Qxd5 59. exd5 Ke7 60. h5 Kf6 61. h6 Kf7 62. d6 Kf6 63. h7 Kg7 64. d7 Kxh7
65. d8=Q Kg6 66. Qd5 Kf6 67. f4 Kg6 68. Qe5 Kf7 69. f5 Kf8 70. Qc7 Ke8 71. f6
Kf8 72. Qg7+ Ke8 73. Qe7# 1-0

[Event "4NCL Division 4 South"]
[Site "Reading, ENG"]
[Date "2017.03.18"]
[Round "7.96"]
[White "Lazarevic, Ljubica"]
[Black "Stoyanov, Boris"]
[Result "1-0"]
[WhiteElo "1325"]
[BlackElo "1525"]
[PlyCount "43"]
[EventDate "2017.03.18"]
[WhiteTeam "Wood Green MM 3"]
[BlackTeam "Sandhurst Cadets"]

1. e4 c5 2. Nc3 g6 3. g3 Bg7 4. Bg2 Nc6 5. d3 Nf6 6. Be3 d6 7. Nge2 O-O 8. O-O
Bd7 9. f4 b6 10. Qc1 Qc8 11. f5 e6 12. Bh6 Ng4 13. Bxg7 Kxg7 14. Nb5 Qb8 15.
Qg5 Nf6 16. fxg6 fxg6 17. Nf4 e5 18. Nd5 Nxd5 19. exd5 Rxf1+ 20. Rxf1 h6 21.
Qf6+ Kg8 22. dxc6 1-0

[Event "4NCL Division 4 South"]
[Site "Reading, ENG"]
[Date "2017.03.18"]
[Round "7.101"]
[White "Balouka Myers, Gabriel"]
[Black "Ogunshola, Ben"]
[Result "0-1"]
[WhiteElo "1825"]
[BlackElo "2145"]
[PlyCount "62"]
[EventDate "2017.03.18"]
[WhiteTeam "Barnet Knights 2"]
[BlackTeam "The Pitstop"]

1. Nf3 Nf6 2. g3 g6 3. d4 Bg7 4. c4 c5 5. d5 b5 6. cxb5 a6 7. b6 Qxb6 8. Nc3
O-O 9. Bg2 d6 10. O-O a5 11. Qc2 Ba6 12. Nd2 Nbd7 13. Re1 Rab8 14. b3 Ne5 15.
Na4 Qa7 16. Bb2 c4 17. Bxe5 cxb3 18. Nxb3 dxe5 19. e4 Rfc8 20. Qd2 Rb4 21. Nc3
Qb6 22. Bh3 Rc7 23. Rab1 h5 24. Bf1 Bxf1 25. Kxf1 Kh7 26. Kg2 Bh6 27. Qd3 a4
28. Nd2 Bxd2 29. Qxd2 Rxc3 30. Qxc3 Rxb1 31. Rxb1 Qxb1 0-1

[Event "4NCL Division 4 South"]
[Site "Reading, ENG"]
[Date "2017.03.18"]
[Round "7.102"]
[White "Froom, Oliver"]
[Black "Sanitt, Ethan"]
[Result "1/2-1/2"]
[WhiteElo "1955"]
[BlackElo "1802"]
[PlyCount "58"]
[EventDate "2017.03.18"]
[WhiteTeam "The Pitstop"]
[BlackTeam "Barnet Knights 2"]

1. e4 e6 2. d4 d5 3. e5 c5 4. c3 Nc6 5. Nf3 Qb6 6. a3 c4 7. Nbd2 Bd7 8. b4 a5
9. Bb2 Nge7 10. Bxc4 Ng6 11. Be2 Rc8 12. g3 axb4 13. cxb4 Be7 14. h4 Bd8 15.
Nb3 O-O 16. Nc5 Be8 17. Rc1 Nge7 18. Bd3 h6 19. Qd2 Qa7 20. g4 b6 21. Nb3 f5
22. exf6 Rxf6 23. Rh3 Rf8 24. Qe2 Qd7 25. Bb5 Bc7 26. h5 Bf4 27. Rd1 Qd6 28.
Nc1 Nxb4 29. Bxe8 Nc2+ 1/2-1/2

[Event "4NCL Division 4 South"]
[Site "Reading, ENG"]
[Date "2017.03.18"]
[Round "7.103"]
[White "Balouka Myers, Reuben"]
[Black "Green, George D A"]
[Result "1-0"]
[WhiteElo "1675"]
[BlackElo "1840"]
[PlyCount "75"]
[EventDate "2017.03.18"]
[WhiteTeam "Barnet Knights 2"]
[BlackTeam "The Pitstop"]

1. Nf3 Nf6 2. g3 d5 3. Bg2 c6 4. O-O Nbd7 5. d4 Qc7 6. Bf4 Qb6 7. b3 e6 8. Nbd2
c5 9. e3 Be7 10. c4 O-O 11. a3 a5 12. Qc2 h6 13. Rfc1 Qa7 14. Rab1 b6 15. Ne5
Bb7 16. dxc5 bxc5 17. Ndf3 dxc4 18. Qxc4 Bd5 19. Qc3 Ne4 20. Qc2 Ndf6 21. Nd2
Qb7 22. Ndc4 g5 23. f3 gxf4 24. fxe4 Nxe4 25. exf4 Rfd8 26. Qe2 Nf6 27. Bxd5
Qxd5 28. Rd1 Qe4 29. Qxe4 Nxe4 {(=)} 30. Nc6 Rxd1+ 31. Rxd1 Bf6 32. N4xa5 Nc3
33. Rd7 Nd5 34. Nc4 Ra6 35. N6e5 Be7 36. f5 Kf8 37. fxe6 Rxe6 38. Rxd5 1-0

[Event "4NCL Division 4 South"]
[Site "Reading, ENG"]
[Date "2017.03.18"]
[Round "7.104"]
[White "Fernando, Manel"]
[Black "Willmoth, Harrison"]
[Result "0-1"]
[WhiteElo "1621"]
[BlackElo "1720"]
[PlyCount "82"]
[EventDate "2017.03.18"]
[WhiteTeam "The Pitstop"]
[BlackTeam "Barnet Knights 2"]

1. d4 d6 2. Nf3 Bg4 3. Bf4 Bxf3 4. exf3 Nf6 5. Nd2 e6 6. Bd3 Be7 7. O-O d5 8.
Re1 O-O 9. Rc1 Nbd7 10. Bg3 Nh5 11. f4 Nxg3 12. fxg3 c6 13. Qg4 f5 14. Qh3 Rf6
15. g4 Rh6 16. Qf3 fxg4 17. Qxg4 Nf8 18. Nf3 Rf6 19. Ng5 Qd6 20. Re5 h6 21. Nf3
Bd8 22. Rce1 Bb6 23. c3 g6 24. Nh4 Kf7 25. Nf3 Nh7 26. Qh4 Kg7 27. f5 gxf5 28.
Qg3+ Kh8 29. Nh4 Rg8 30. Qe3 Ng5 31. Bxf5 exf5 32. Nxf5 Qf8 33. Ng3 Bc7 34. Re7
Bxg3 35. hxg3 Rf7 36. Qe5+ Qg7 37. Qc7 Rgf8 38. Qxb7 Nf3+ 39. gxf3 Qxg3+ 40.
Kh1 Qxf3+ 41. Kh2 Qh5+ 0-1

[Event "4NCL Division 4 South"]
[Site "Reading, ENG"]
[Date "2017.03.18"]
[Round "7.106"]
[White "Faizi, Tariq"]
[Black "Karia, Kamlesh"]
[Result "1/2-1/2"]
[WhiteElo "1399"]
[BlackElo "1622"]
[PlyCount "110"]
[EventDate "2017.03.18"]
[WhiteTeam "The Pitstop"]
[BlackTeam "Barnet Knights 2"]

1. e4 e5 2. Nf3 Nc6 3. Nc3 Nf6 4. Bb5 d6 5. d3 a6 6. Ba4 Be7 7. O-O Bg4 8. Be3
b5 9. Bb3 Nd4 10. Bxd4 exd4 11. Nb1 O-O 12. Nbd2 c5 13. c3 dxc3 14. bxc3 Rc8
15. c4 b4 16. Re1 Nd7 17. Qc2 Bf6 18. Rac1 Bc3 19. Qb1 Bxf3 20. Nxf3 Bxe1 21.
Rxe1 Ne5 22. Bd1 Re8 23. h3 Rc7 24. Nh2 Ng6 25. Bg4 Ne5 26. Bd1 Ng6 27. Bg4 a5
28. Rf1 Ne5 29. Bd1 Nc6 30. f4 Nd4 31. f5 f6 32. Qb2 Ra7 33. h4 a4 34. h5 h6
35. Rf4 Qe7 36. Rg4 a3 37. Qd2 Kh8 38. Rg6 Raa8 39. Ng4 Nxf5 40. Bb3 Nh4 41.
Nxh6 Nxg6 42. Nf5 Qf7 43. hxg6 Qxg6 44. Nxd6 Re6 45. Nb7 Rc8 46. Qe3 Qh6 47.
Qf3 Rec6 48. Ba4 R6c7 49. Nd6 Ra8 50. Be8 Rxe8 51. Nxe8 Re7 52. Nd6 Qc1+ 53.
Kh2 Qh6+ 54. Kg1 Qc1+ 55. Kh2 Qh6+ 1/2-1/2

[Event "4NCL Division 4 South"]
[Site "Reading, ENG"]
[Date "2017.03.18"]
[Round "7.111"]
[White "Atalla, George"]
[Black "Balouka-Myers, Raphael"]
[Result "0-1"]
[WhiteElo "1547"]
[BlackElo "1480"]
[PlyCount "70"]
[EventDate "2017.03.18"]
[WhiteTeam "Barnet Knights 3"]
[BlackTeam "Barnet Knights 4"]

1. d4 Nf6 2. Nf3 g6 3. g3 d6 4. Bg2 Bg7 5. O-O O-O 6. b3 Qe8 7. Bb2 Nc6 8. Nbd2
e5 9. dxe5 dxe5 10. Nc4 Nd7 11. Rb1 f5 12. Ba3 Rf7 13. Ng5 Rf6 14. Qd5+ Kh8 15.
Bb2 h6 16. Nh3 g5 17. f4 gxf4 18. gxf4 Rg6 19. Nxe5 Ndxe5 20. Bxe5 Nxe5 21.
fxe5 Bxe5 22. e4 fxe4 23. Qxe4 Bxh3 24. Rf2 Bxh2+ 25. Kxh2 Qxe4 26. Bxh3 Rag8
27. Rbf1 Qe5+ 28. Rf4 Qg5 29. R4f3 h5 30. Rd3 Qe5+ 31. Kh1 Qe4+ 32. Rff3 Rg1+
33. Kh2 Qe2+ 34. Rf2 Qxf2+ 35. Bg2 Qxg2# 0-1

[Event "4NCL Division 4 South"]
[Site "Reading, ENG"]
[Date "2017.03.18"]
[Round "7.112"]
[White "Rampley, Oscar"]
[Black "Balouka-Myers, Toby"]
[Result "0-1"]
[WhiteElo "1300"]
[BlackElo "1592"]
[PlyCount "56"]
[EventDate "2017.03.18"]
[WhiteTeam "Barnet Knights 4"]
[BlackTeam "Barnet Knights 3"]

1. e4 e6 2. d4 d5 3. exd5 exd5 4. Nf3 Nd7 5. Nc3 Ngf6 6. Bd3 c5 7. Bg5 Be7 8.
a3 Qb6 9. Ne5 cxd4 10. Nxd7 Bxd7 11. Bxf6 Qxf6 12. Nxd5 Qe5+ 13. Qe2 Qxd5 14.
Be4 Qe6 15. O-O f5 16. Bd3 Qxe2 17. Bxe2 O-O 18. Rfe1 Kh8 19. Bf3 Rae8 20. Bxb7
Bf6 21. Red1 Rb8 22. Bf3 Rxb2 23. c3 Ba4 24. Re1 dxc3 25. Re6 c2 26. Ra6 Rb1+
27. Rxb1 cxb1=Q+ 28. Bd1 Qxd1# 0-1

[Event "4NCL Division 4 South"]
[Site "Reading, ENG"]
[Date "2017.03.18"]
[Round "7.113"]
[White "Orgler, Lukas"]
[Black "Angelopoulos, Nikolaos  Andreas"]
[Result "1-0"]
[WhiteElo "1420"]
[BlackElo "1450"]
[PlyCount "133"]
[EventDate "2017.03.18"]
[WhiteTeam "Barnet Knights 3"]
[BlackTeam "Barnet Knights 4"]

1. e4 c6 2. d4 d5 3. exd5 cxd5 4. Bd3 Nf6 5. Ne2 Ne4 6. f3 Nd6 7. O-O Bf5 8.
Bf4 Bxd3 9. Qxd3 e6 10. Nd2 Nc6 11. c3 Nf5 12. Ng3 Bd6 13. Bxd6 Nxd6 14. Rfe1
O-O 15. Re2 Ne7 16. Rae1 Ng6 17. Rf2 Nf4 18. Qf1 Qg5 19. Rd1 h5 20. Kh1 h4 21.
Ne2 Nd3 22. f4 Nxf2+ 23. Qxf2 Qg4 24. h3 Qh5 25. Re1 Ne4 26. Nxe4 dxe4 27. Ng1
f5 28. c4 Rfd8 29. b4 Rd7 30. c5 g5 31. b5 gxf4 32. Qxf4 Kh7 33. Qe5 Qg6 34. c6
bxc6 35. bxc6 Rd5 36. Qc7+ Qg7 37. Qxg7+ Kxg7 38. Rb1 Rxd4 39. Rb7+ Kf6 40. c7
Rc4 41. Rb8 Rxc7 42. Rxa8 e5 43. Rf8+ Rf7 44. Rh8 Kg5 45. Re8 Kf6 46. Rh8 Rd7
47. Rf8+ Ke6 48. Re8+ Kd5 49. Ne2 f4 50. Kg1 e3 51. Kf1 Kc4 52. Rc8+ Kb4 53.
Ke1 Rd2 54. Rb8+ Ka3 55. Rb7 Rxa2 56. Rxa7+ Kb2 57. Rxa2+ Kxa2 58. Nc1+ Kb1 59.
Nd3 Kc2 60. Nxe5 Kc3 61. Ke2 Kd4 62. Nf3+ Ke4 63. Nxh4 Ke5 64. Nf3+ Ke4 65. Ng1
Kf5 66. Kf3 Ke5 67. Ne2 1-0

[Event "4NCL Division 4 South"]
[Site "Reading, ENG"]
[Date "2017.03.18"]
[Round "7.114"]
[White "Carter, Gavin"]
[Black "Vaidya, Raghav"]
[Result "0-1"]
[WhiteElo "1277"]
[BlackElo "1375"]
[PlyCount "98"]
[EventDate "2017.03.18"]
[WhiteTeam "Barnet Knights 4"]
[BlackTeam "Barnet Knights 3"]

1. e4 c5 2. c3 d5 3. exd5 e6 4. dxe6 Bxe6 5. Nf3 Nf6 6. d4 cxd4 7. Nxd4 a6 8.
Be3 Bc5 9. Nd2 Bxd4 10. Bxd4 Nc6 11. Bc5 b6 12. Ba3 a5 13. Bb5 Qd5 14. Bxc6+
Qxc6 15. O-O Rd8 16. Qc2 b5 17. b4 a4 18. Rfe1 O-O 19. Bb2 Bd5 20. f3 Rfe8 21.
a3 Qb6+ 22. Kf1 Qc6 23. Qf5 Qd6 24. g3 Be6 25. Qf4 Qxf4 26. gxf4 Rxd2 27. Rab1
Bc4+ 28. Kg1 Rxe1+ 29. Rxe1 Rxb2 30. Re7 Kf8 31. Rb7 Rb3 32. Kf2 Rxa3 33. Ke3
Rxc3+ 34. Kd4 Rxf3 35. Ke5 a3 36. Kd6 g6 37. Rb8+ Kg7 38. Ke5 a2 39. Ra8 Rf1
40. Rxa2 Bxa2 41. h3 Rb1 42. f5 Rxb4 43. fxg6 Rc4 44. gxf7 Kxf7 45. h4 b4 46.
Kf5 b3 47. Kg5 b2 48. h5 b1=Q 49. h6 Qg6# 0-1

[Event "4NCL Division 4 South"]
[Site "Reading, ENG"]
[Date "2017.03.18"]
[Round "7.115"]
[White "Sezer, Steve"]
[Black "Angelopoulos, Andreas"]
[Result "1-0"]
[WhiteElo "1510"]
[BlackElo "1187"]
[PlyCount "89"]
[EventDate "2017.03.18"]
[WhiteTeam "Barnet Knights 3"]
[BlackTeam "Barnet Knights 4"]

1. d4 e6 2. c4 Nf6 3. e3 d5 4. Bd3 Nbd7 5. Bd2 c5 6. Qc2 b6 7. Nf3 Bd6 8. Nc3
Bb7 9. O-O Qc7 10. Nb5 Qc6 11. Nxd6+ Qxd6 12. Bc3 dxc4 13. Be2 Ng4 14. g3 Qc6
15. h3 Ngf6 16. Kh2 Ne4 17. Rg1 Nxf2 18. dxc5 Nf6 19. Ne5 Qxc5 20. Bd4 Qb4 21.
a3 Qb3 22. Qc1 Rc8 23. Bxc4 Qa4 24. b3 Qa5 25. Qb2 N2e4 26. b4 Qa4 27. Qe2 a6
28. Rgb1 Bd5 29. Bxa6 Rc2 30. Bb5+ Qxb5 31. Qxc2 Ng5 32. Rc1 Nf3+ 33. Nxf3 Bxf3
34. Qc8+ Ke7 35. Qc7+ Nd7 36. Qc4 Qf5 37. Rf1 b5 38. Qc3 Qe4 39. Rf2 e5 40.
Bc5+ Ke6 41. Raf1 Bh5 42. Qb3+ Qd5 43. Qc2 Rc8 44. g4 Qc6 45. Qb3+ 1-0

[Event "4NCL Division 4 South"]
[Site "Reading, ENG"]
[Date "2017.03.18"]
[Round "7.201"]
[White "Farr, Peter G"]
[Black "Donaghay, Richard H"]
[Result "1-0"]
[WhiteElo "2117"]
[BlackElo "1857"]
[PlyCount "77"]
[EventDate "2017.03.18"]
[WhiteTeam "Kent Kestrels"]
[BlackTeam "Iceni 2"]

1. c4 d6 2. Nc3 Nf6 3. g3 c6 4. Bg2 g6 5. e4 Bg7 6. Nge2 e5 7. O-O Be6 8. d3
Qd7 9. f4 Bh3 10. f5 Bxg2 11. Kxg2 Na6 12. Bg5 O-O-O 13. a3 Ng4 14. Ng1 h5 15.
h3 f6 16. Bd2 Nh6 17. fxg6 Ng8 18. Nf3 Ne7 19. Nh4 Nc5 20. Be3 Ne6 21. Bxa7 Qe8
22. Bb6 Nxg6 23. Nf5 Rd7 24. Qa4 Nc7 25. b4 h4 26. b5 Ne7 27. bxc6 Nxc6 28. Nb5
Qg6 29. Bxc7 Rxc7 30. Nbxd6+ Kd7 31. g4 Bf8 32. c5 Qg5 33. Rf2 Bxd6 34. cxd6
Rcc8 35. Rb1 Rb8 36. Rb6 Qc1 37. Rc2 Qd1 38. Rbxc6 bxc6 39. Qa7+ 1-0

[Event "4NCL Division 4 South"]
[Site "Reading, ENG"]
[Date "2017.03.18"]
[Round "7.204"]
[White "Usher, Michael E"]
[Black "Watson, Jacob"]
[Result "0-1"]
[WhiteElo "1731"]
[BlackElo "1773"]
[PlyCount "126"]
[EventDate "2017.03.18"]
[WhiteTeam "Iceni 2"]
[BlackTeam "Kent Kestrels"]

1. b3 e5 2. Bb2 Nc6 3. e3 Nf6 4. Nf3 d6 5. d4 e4 6. d5 Nb4 7. Ng5 h6 8. a3
Nxc2+ 9. Qxc2 hxg5 10. Bxf6 Qxf6 11. Qxe4+ Be7 12. Bb5+ Kf8 13. Qd4 Qxd4 14.
exd4 a6 15. Bd3 Bf6 16. Nd2 Bxd4 17. Rb1 Bd7 18. O-O g6 19. Nf3 Bf6 20. Rbc1
Rc8 21. Rc2 Kg7 22. Nd2 c5 23. Nc4 Bb5 24. a4 Bxc4 25. bxc4 Be5 26. g3 f5 27.
f3 Rc7 28. Re2 Kf7 29. Rfe1 Kf6 30. Rg2 f4 31. g4 Rh3 32. Rf1 Bd4+ 33. Kh1 Re7
34. Be4 Rh8 35. Re2 Rb8 36. Rb1 Bc3 37. Kg2 Bb4 38. Kf1 b5 39. axb5 axb5 40.
cxb5 Rxb5 41. Bd3 Rbb7 42. Rc1 Re3 43. Be4 Rh7 44. Rcc2 Ra7 45. Kf2 Raa3 46.
Ra2 Rxa2 47. Rxa2 Be1+ 48. Kf1 Bb4 49. Rc2 Re1+ 50. Kf2 Rd1 51. Ke2 Rd4 52. Rb2
Ke5 53. Rc2 Rxe4+ 54. fxe4 Kxe4 55. Rc1 Kxd5 56. Rd1+ Ke5 57. Kf3 c4 58. Rb1
Bc5 59. Rc1 d5 60. Rc3 Be3 61. Ra3 Kd4 62. Ke2 Ke4 63. Ra6 f3+ 0-1

[Event "4NCL Division 4 South"]
[Site "Reading, ENG"]
[Date "2017.03.18"]
[Round "7.207"]
[White "Lettington, David"]
[Black "Rowles, Sarah"]
[Result "1-0"]
[WhiteElo "1636"]
[BlackElo "1540"]
[PlyCount "61"]
[EventDate "2017.03.18"]
[WhiteTeam "Kent Kestrels"]
[BlackTeam "Iceni 2"]

1. Nf3 c5 2. g3 Nc6 3. Bg2 Nf6 4. O-O g6 5. d3 Bg7 6. Nbd2 O-O 7. e4 d6 8. c3
Rb8 9. Qe2 Qc7 10. h3 Re8 11. Nh2 b5 12. f4 Nh5 13. Qf3 e5 14. f5 Qe7 15. Nb1
b4 16. g4 Nf4 17. Rf2 bxc3 18. bxc3 Bh6 19. Nd2 Ba6 20. Ndf1 Bg5 21. Ne3 Red8
22. Nd5 Nxd5 23. exd5 e4 24. Qxe4 Ne5 25. Bxg5 Qxg5 26. c4 Nd7 27. fxg6 hxg6
28. Nf3 Qf6 29. d4 Re8 30. Ne5 Qg7 31. Rxf7 {time} 1-0

[Event "4NCL Division 4 South"]
[Site "Reading, ENG"]
[Date "2017.03.18"]
[Round "7.203"]
[White "Jones, Robert L"]
[Black "Ward, Andrew"]
[Result "1-0"]
[WhiteElo "1781"]
[BlackElo "1847"]
[PlyCount "62"]
[EventDate "2017.03.18"]
[WhiteTeam "Iceni 2"]
[BlackTeam "Throw in the Tal 2"]

1. e4 d6 2. d4 Nf6 3. Nc3 Nbd7 4. f4 e5 5. Nf3 exd4 6. Nxd4 g6 7. Be2 Bg7 8.
Be3 O-O 9. Qd2 Nc5 10. Bf3 Re8 11. e5 dxe5 12. fxe5 Rxe5 13. O-O-O Nfe4 14.
Nxe4 Nxe4 15. Qe1 Nd6 16. Qf2 Ra5 17. Kb1 Qe8 18. Nb3 Rb5 19. Rhe1 Be6 20. Bd4
a5 21. Bxg7 Kxg7 22. Nd4 Bxa2+ 23. Kxa2 Rxb2+ 24. Kxb2 Nc4+ 25. Kb3 Ne5 26. Bd5
Ra6 27. Rxe5 Rb6+ 28. Kc3 Qxe5 29. Qxf7+ Kh6 30. Qf8+ Kg5 31. h4+ Kg4 1-0

[Event "4NCL Division 4 South"]
[Site "Reading, ENG"]
[Date "2017.03.18"]
[Round "7.206"]
[White "Zarev, Dragomir"]
[Black "Thatte, Nishchal"]
[Result "0-1"]
[WhiteElo "1765"]
[BlackElo "1589"]
[PlyCount "86"]
[EventDate "2017.03.18"]
[WhiteTeam "Throw in the Tal 2"]
[BlackTeam "Iceni 2"]

1. d4 e6 2. Bf4 c5 3. dxc5 Bxc5 4. e3 Nc6 5. Nf3 d5 6. Bb5 Nge7 7. O-O O-O 8.
Nd4 e5 9. Nb3 exf4 10. Nxc5 Qb6 11. Bxc6 Qxb2 12. Nb3 bxc6 13. Qd4 Qxd4 14.
exd4 Nf5 15. N1d2 Re8 16. Rfe1 {(=)} Rxe1+ 17. Rxe1 Bd7 18. Nf3 Re8 19. Rxe8+
Bxe8 20. c3 Kf8 21. Kf1 Ke7 22. Ke2 Kd6 23. Nc5 Kc7 24. Nd2 Kb6 25. Kd3 Nd6 26.
Ke2 f6 27. Ne6 g5 28. h4 Bh5+ 29. f3 Bf7 30. Nf8 gxh4 31. Nxh7 f5 32. Nf8 Ka5
33. Nd7 Ka4 34. Ne5 Be8 35. Nd3 Ka3 36. Nxf4 Kxa2 37. Kd3 Kb2 38. c4 dxc4+ 39.
Nxc4+ Nxc4 40. Kxc4 a5 41. Nd3+ Kc2 42. Ne1+ Kd2 43. Nd3 Bf7+ 0-1

[Event "4NCL Division 4 South"]
[Site "Reading, ENG"]
[Date "2017.03.18"]
[Round "7.209"]
[White "Balakrishnan, Kathirvel"]
[Black "Weaver, Simon"]
[Result "1/2-1/2"]
[WhiteElo "1575"]
[BlackElo "1517"]
[PlyCount "82"]
[EventDate "2017.03.18"]
[WhiteTeam "Iceni 2"]
[BlackTeam "Throw in the Tal 2"]

1. d4 d5 2. Nf3 Bf5 3. Bf4 e6 4. Nbd2 Bd6 5. Bg3 Nc6 6. c3 h6 7. e3 a6 8. Ne5
Nf6 9. f4 Ne4 10. Nxe4 Bxe4 11. Qa4 Bxe5 12. fxe5 O-O 13. Qd1 Ne7 14. Qh5 Nf5
15. Bf4 Qh4+ 16. Qxh4 Nxh4 17. Rg1 Rac8 18. Bg3 Nf5 19. Bf2 c5 20. g4 Ne7 21.
Be2 g5 22. Kd2 c4 23. Bg3 b5 24. a3 Nc6 25. Bd1 a5 26. Bc2 Bxc2 {(=)} 27. Kxc2
b4 28. Rab1 bxa3 29. bxa3 Rb8 30. Rxb8 Rxb8 31. Rb1 Rxb1 32. Kxb1 a4 33. Be1
Na5 34. Kc2 Kg7 35. Bd2 Kg6 36. Bc1 h5 37. h3 hxg4 38. hxg4 Nc6 39. Kd2 Na5 40.
Ke2 Nb3 41. Bb2 f6 1/2-1/2

[Event "4NCL Division 4 South"]
[Site "Reading, ENG"]
[Date "2017.03.18"]
[Round "7.202"]
[White "Price, Andrew"]
[Black "Allison, Conrad"]
[Result "1-0"]
[WhiteElo "1870"]
[BlackElo "1925"]
[PlyCount "105"]
[EventDate "2017.03.18"]
[WhiteTeam "Throw in the Tal 2"]
[BlackTeam "Kent Kestrels"]

1. e4 e5 2. Nc3 Bc5 3. Bc4 Nc6 4. Nf3 d6 5. d3 Nf6 6. Be3 Bb4 7. h3 Be6 8. Bb3
Bxb3 9. axb3 d5 10. exd5 Nxd5 11. Bd2 Nf4 12. O-O O-O 13. Re1 Qf6 14. Bxf4 Qxf4
15. Nd5 Qh6 16. Nxb4 Nxb4 17. Nxe5 Rfe8 18. c3 Nd5 19. Qf3 Nf4 20. d4 c6 21.
Re4 g5 22. Rae1 f5 23. R4e3 Nd5 24. Rd3 Nf4 25. Rdd1 Qf6 26. Kh2 Qh6 27. Nd3
Qd6 28. g3 Nxd3 29. Qxd3 Qf6 30. Re2 f4 31. Rde1 Qf7 32. Qc4 Rxe2 33. Rxe2
fxg3+ 34. fxg3 Qxc4 35. bxc4 Kf7 36. Kg2 Rd8 37. Re5 Kf6 38. Kf3 h6 39. Ke4 a6
40. c5 Rd7 41. b4 a5 42. bxa5 Rd8 43. c4 Ra8 44. d5 Rxa5 45. Re6+ Kf7 46. Rxh6
Ra1 47. Rh7+ Ke8 48. Rxb7 cxd5+ 49. cxd5 Ra3 50. c6 Rxg3 51. d6 Rc3 52. d7+ Kd8
53. Rb8+ 1-0